[Event "RSA-ch U14"]
[Site "Gauteng"]
[Date "2017.04.11"]
[Round "11"]
[White "Nevin, Timothy"]
[Black "Mazibuko, Buhle"]
[Result "1-0"]
[WhiteElo "1278"]
[BlackElo "1262"]
[PlyCount "49"]
[EventDate "2017.04.05"]
[EventType "swiss"]
[EventRounds "11"]
[EventCountry "RSA"]
[SourceTitle "CBM 177 Extra"]
[Source "ChessBase"]
[SourceDate "2017.04.27"]
[SourceVersion "1"]
[SourceVersionDate "2017.04.27"]
[SourceQuality "1"]

1. d4 Nf6 2. e3 e6 3. Nf3 Nc6 4. Be2 b6 5. c4 Bb7 6. Nc3 Bb4 7. 0-0 Bxc3 8. bxc3 0-0 9. Ba3 Re8 10. Qb3 Ne4 11. d5 exd5 12. cxd5 Na5 13. Qc2 Bxd5 14. Bd3 Bb7 15. Nd4 Qg5 16. Bc1 d6 17. f3 Nf6 18. e4 Qe5 19. f4 Qc5 20. Be3 Nc4 21. Bf2 Nxe4 22. Ne6 Qd5 23. Bxe4 Qxe6 24. Bxb7 Rab8 25. Rfe1 1-0

[Event "RSA-ch U14"]
[Site "Gauteng"]
[Date "2017.04.07"]
[Round "5"]
[White "Dheda, Khelan"]
[Black "Mazibuko, Buhle"]
[Result "0-1"]
[WhiteElo "1385"]
[BlackElo "1262"]
[PlyCount "96"]
[EventDate "2017.04.05"]
[EventType "swiss"]
[EventRounds "11"]
[EventCountry "RSA"]
[SourceTitle "CBM 177 Extra"]
[Source "ChessBase"]
[SourceDate "2017.04.27"]
[SourceVersion "1"]
[SourceVersionDate "2017.04.27"]
[SourceQuality "1"]

1. d4 Nf6 2. c4 e6 3. Nc3 Bb4 4. Bd2 b6 5. Nf3 Bb7 6. a3 Bxc3 7. Bxc3 0-0 8. e3 Nc6 9. Bd3 a5 10. 0-0 Qe7 11. e4 d6 12. d5 Nb8 13. b4 axb4 14. Bxb4 e5 15. Ne1 Na6 16. Qd2 Nxb4 17. Qxb4 Ra5 18. Qd2 Nh5 19. g3 Nf6 20. Nc2 Nd7 21. Rab1 Nc5 22. f4 Bc8 23. Rb5 Bh3 24. Rf2 Rfa8 25. Rb2 Re8 26. f5 Rea8 27. Qe3 f6 28. Be2 Qf7 29. g4 Qd7 30. Qxh3 Nxe4 31. Rf1 Nd2 32. Rd1 Ne4 33. Qe3 Nc5 34. Rdb1 Qa4 35. Bd3 e4 36. Be2 h6 37. Ra2 Kf7 38. Rab2 Kg8 39. Qc3 Kf7 40. Rb5 Rxb5 41. Rxb5 e3 42. Qxe3 Qxc2 43. Kg2 Re8 44. Qf3 Rxe2+ 45. Kh3 Rxh2+ 46. Kg3 Ne4+ 47. Kf4 Rf2 48. Qxf2 Nxf2 0-1

[Event "RSA-chT U14"]
[Site "Cape Town"]
[Date "2016.01.07"]
[Round "7.8"]
[White "Nevin, Timothy"]
[Black "Mazibuko, Buhle"]
[Result "0-1"]
[WhiteElo "1262"]
[BlackElo "1173"]
[PlyCount "31"]
[EventDate "2016.01.04"]
[EventType "team-tourn"]
[EventRounds "7"]
[EventCountry "RSA"]
[SourceTitle "CBM 170 Extra"]
[Source "ChessBase"]
[SourceDate "2016.02.25"]
[SourceVersion "1"]
[SourceVersionDate "2016.02.25"]
[SourceQuality "1"]
[WhiteTeam "Nelson Mandela Bay"]
[BlackTeam "Johannesburg Metro"]
[WhiteTeamCountry "RSA"]
[BlackTeamCountry "RSA"]

1. e4 c5 2. Nc3 Nc6 3. Bc4 g6 4. Nf3 Bg7 5. Ng5 e6 6. d3 Nge7 7. Bf4 a6 8. Bd6 0-0 9. a3 Re8 10. Qf3 Nf5 11. Nxf7 Kxf7 12. exf5 Kg8 13. fxg6 hxg6 14. Ne4 Qh4 15. g3 Qh3 16. Qd1 0-1